000
00324 a2200121 4500
001
ART_6644
005
20260410161826.0
008
260409a
245
1
0
_a
El Riesgo Contable
100
1
_a
Carboni, Sandra
700
1
_a
Pérez, Haydeé
773
0
_t
FACES
_g
- Año 11, Nº 23 (may./ago. 2005)
_w
REV5046
999
_c
22795
_d
22795